000 00691nam a2200193Ia 4500
003 LDD
008 190117s9999 xx 000 0 und d
020 _a8126702338
_c₹295
040 _cLDD
041 _ahi
082 _a001.303 मा49268
100 _aनगेन्द्र
245 0 _aमानविकी पारिभाषिक कोश (दर्शन खण्ड)
_cनगेन्द्र
260 _aनई दिल्ली
_bराजकमल प्रकाशन
_c1968
300 _a2 प्रतियां
901 _aRAJ FTF
904 _aReqst by : Deo Shankar Navin
942 _2ddc
_cH
999 _c161948
_d161948